Twenty-Fourth Report of the Appointment Committee on H.E The President's Nominations For Ministerial And Deputy Ministerial Appointments (Record no. 5111)

MARC details
000 -LEADER
fixed length control field 00653nam a22001697a 4500
003 - CONTROL NUMBER IDENTIFIER
control field OSt
005 - DATE AND TIME OF LATEST TRANSACTION
control field 20250304135904.0
008 - FIXED-LENGTH DATA ELEMENTS--GENERAL INFORMATION
fixed length control field 250304b |||||||| |||| 00| 0 eng d
041 ## - LANGUAGE CODE
Language code of text/sound track or separate title English
082 ## - DEWEY DECIMAL CLASSIFICATION NUMBER
Classification number CR/DM/12 Acc. No. 10,901
110 ## - MAIN ENTRY--CORPORATE NAME
Corporate name or jurisdiction name as entry element Appointment Committee
245 ## - TITLE STATEMENT
Title Twenty-Fourth Report of the Appointment Committee on H.E The President's Nominations For Ministerial And Deputy Ministerial Appointments
260 ## - PUBLICATION, DISTRIBUTION, ETC.
Place of publication, distribution, etc. Accra
Name of publisher, distributor, etc. Parliament Of Ghana
Date of publication, distribution, etc. 19th March, 2012
300 ## - PHYSICAL DESCRIPTION
Extent 8P
650 ## - SUBJECT ADDED ENTRY--TOPICAL TERM
Source of heading or term Nominations For Ministerial And Deputy Ministerial Appointments; Hon. Henry Ford Kamel, Ambassador Victor Emmanuel Smith
942 ## - ADDED ENTRY ELEMENTS (KOHA)
Source of classification or shelving scheme Dewey Decimal Classification
Koha item type Committee Reports
Suppress in OPAC No
Holdings
Withdrawn status Lost status Source of classification or shelving scheme Damaged status Not for loan Home library Current library Shelving location Date acquired Total checkouts Full call number Date last seen Copy number Price effective from Koha item type
    Dewey Decimal Classification     Main Library Main Library Open Shelves 04/03/2025   CR/DM/12 Acc. No. 10,901 04/03/2025 1 04/03/2025 Committee Reports
©2026  Parliament of Ghana Library - All rights reserved